Statistics for European Countries By Their Largest Non-Capital City

Click here to take the quiz!

General Stats

  • This quiz has been taken 75 times
  • The average score is 11 of 15

Answer Stats

CityAnswer% Correct
BarcelonaSpain
100%
MilanItaly
100%
MarseilleFrance
99%
ZurichSwitzerland
97%
BirminghamUK
97%
KrakowPoland
96%
CorkIreland
93%
AntwerpBelgium
92%
BergenNorway
88%
EspooFinland
50%
TiraspolMoldova
42%
DaugavpilsLatvia
42%
NiksicMontenegro
33%
DurresAlbania
26%
BitolaMacedonia
19%

Score Distribution

Percentile by Number Answered

Percent of People with Each Score

Your Score History

You have not taken this quiz